Statistics for Counties of England by Borders - One Minute

Click here to take the quiz!

General Stats

  • This quiz has been taken 200 times
  • The average score is 40 of 47

Answer Stats

County % Correct
Cambridgeshire
97%
Lancashire
96%
Somerset
96%
Surrey
95%
Kent
95%
Cumbria
95%
North Yorkshire
95%
Devon
95%
Lincolnshire
94%
Greater London
94%
Essex
94%
Dorset
94%
Cornwall
93%
South Yorkshire
93%
Durham
92%
West Yorkshire
91%
Buckinghamshire
91%
Suffolk
91%
Cheshire
91%
Norfolk
90%
Greater Manchester
90%
Hampshire
88%
Leicestershire
88%
Northamptonshire
88%
Staffordshire
88%
Derbyshire
86%
Hertfordshire
85%
Wiltshire
85%
Worcestershire
84%
East Sussex
84%
Gloucestershire
84%
Northumberland
83%
Nottinghamshire
82%
East Riding of
Yorkshire
82%
Warwickshire
81%
Rutland
79%
Berkshire
79%
West Sussex
77%
Merseyside
77%
Oxfordshire
77%
Shropshire
76%
Tyne and Wear
73%
Herefordshire
70%
West Midlands
67%
City of Bristol
65%
Bedfordshire
63%
Isle of Wight
61%

Score Distribution

Percentile by Number Answered

Percent of People with Each Score

Your Score History

You have not taken this quiz